[Event "AUTO-MASTER-3254"]
[Site "http://www.queenalice.com/game.php?id=1852607"]
[Date "2025.2.22"]
[Round "1"]
[White "hjs50667"]
[Black "beteljeuxe"]
[Result "0-1"]
[WhiteElo "2140"]
[BlackElo "2339"]

1. e4 e5 2. Nc3 Nf6 3. d4 exd4 4. Qxd4 Nc6 5. Qe3 Bb4 6. Bd2 O-O 7. O-O-O Re8 8.
Qg3 Nxe4 9. Nxe4 Rxe4 10. c3 Be7 11. f4 d5 12. Bd3 Bf5 13. Bxe4 Bxe4 14. Ne2 Na5
15. Qh3 Qe8 16. Ng3 Qb5 17. Nxe4 Ba3 18. Nf6+ gxf6 19. Kc2 Qxb2+ 20. Kd3 Nc4 21.
Qg4+ Kf8 22. Qh5 Qb5 23. Ke2 Ne5+ 24. Kf2 Bc5+ 0-1

[Event "AUTO-OPEN-4578"]
[Site "http://www.queenalice.com/game.php?id=1852807"]
[Date "2025.2.24"]
[Round "1"]
[White "chessman"]
[Black "beteljeuxe"]
[Result "0-1"]
[WhiteElo "2008"]
[BlackElo "2399"]

1. e4 e5 2. Nf3 Nc6 3. Bb5 a6 4. Ba4 Nf6 5. O-O Be7 6. Re1 b5 7. Bb3 O-O 8. d4
Nxd4 9. Nxd4 exd4 10. e5 Ne8 11. c3 c5 12. cxd4 c4 13. Bc2 d5 14. Qh5 g6 15. Qh6
Ng7 16. f4 Bf5 17. Bxf5 Nxf5 18. Qh3 Nxd4 19. Nc3 Nc2 0-1

[Event "AUTO-OPEN-4578"]
[Site "http://www.queenalice.com/game.php?id=1852808"]
[Date "2025.2.24"]
[Round "1"]
[White "beteljeuxe"]
[Black "chessman"]
[Result "1-0"]
[WhiteElo "2369"]
[BlackElo "1976"]

1. e4 e6 2. d4 d5 3. Nc3 dxe4 4. Nxe4 Nd7 5. Nf3 Ngf6 6. Nxf6+ Nxf6 7. c3 Be7 8.
Bd3 O-O 9. Qe2 a6 10. Bg5 Nd5 11. Bxe7 Qxe7 12. Qe4 Nf6 13. Qh4 b5 14. Bxh7+ 1-0

[Event "AUTO-OPEN-4578"]
[Site "http://www.queenalice.com/game.php?id=1852827"]
[Date "2025.2.24"]
[Round "1"]
[White "maurice916"]
[Black "beteljeuxe"]
[Result "0-1"]
[WhiteElo "1941"]
[BlackElo "2372"]

1. Nf3 d5 2. b3 Nf6 3. Bb2 Bf5 4. e3 e6 5. c4 c6 6. Be2 h6 7. O-O Nbd7 8. d4 Bd6
9. Nbd2 Qb8 10. g3 O-O 11. Nh4 Bh7 12. c5 Be7 13. b4 b6 14. a3 bxc5 15. dxc5 a5
16. Bc3 d4 17. exd4 Nd5 18. Ng2 Nxc3 19. Qe1 axb4 20. Bf3 Rxa3 21. Bxc6 Rxa1 22.
Qxa1 Qd8 23. Re1 Nxc5 24. Nc4 Nd3 25. Rf1 Qc8 26. Na5 Ne2+ 27. Kh1 b3 0-1

[Event "AUTO-OPEN-4578"]
[Site "http://www.queenalice.com/game.php?id=1852828"]
[Date "2025.2.24"]
[Round "1"]
[White "beteljeuxe"]
[Black "maurice916"]
[Result "1-0"]
[WhiteElo "2360"]
[BlackElo "1934"]

1. e4 c6 2. d4 d5 3. e5 Bf5 4. Nf3 h5 5. c4 e6 6. a3 g6 7. Nc3 dxc4 8. Bxc4 Bh6
9. Be3 Bxe3 10. fxe3 Nh6 11. Qb3 b5 12. Be2 O-O 13. h3 Nd7 14. e4 Qa5 15. exf5
Nxf5 16. g4 Ng3 17. Rg1 Nxe2 18. Kxe2 Qa6 19. Ne4 hxg4 20. hxg4 Nb6 21. Rh1 Nd5
22. Qxd5 cxd5 23. Nf6+ Kg7 24. Rh7# 1-0

[Event "AUTO-OPEN-4578"]
[Site "http://www.queenalice.com/game.php?id=1852837"]
[Date "2025.2.24"]
[Round "1"]
[White "game"]
[Black "beteljeuxe"]
[Result "0-1"]
[WhiteElo "1597"]
[BlackElo "2346"]

1. e4 e5 2. Nf3 Nc6 3. d4 exd4 4. Nxd4 Bc5 5. c3 Nf6 6. Bc4 Nxe4 7. Qf3 d5 8.
Nxc6 bxc6 9. Bd3 Nxf2 10. Qe2+ Qe7 11. Qxe7+ Kxe7 12. Bg5+ f6 13. Bxf6+ gxf6 14.
Rf1 Nxd3+ 15. Kd2 Nxb2 16. Re1+ Kf7 17. Kc2 Rb8 18. Nd2 Bf5+ 19. Kc1 Nd3+ 20.
Kc2 Nxe1+ 21. Kd1 Rhe8 22. Nf3 Nxf3 23. gxf3 Rb2 0-1

[Event "AUTO-ELITE-2572"]
[Site "http://www.queenalice.com/game.php?id=1852870"]
[Date "2025.2.25"]
[Round "1"]
[White "beteljeuxe"]
[Black "grotegeest"]
[Result "1-0"]
[WhiteElo "2431"]
[BlackElo "2657"]

1. e4 c5 2. Nf3 d6 3. d4 cxd4 4. Nxd4 Nf6 5. Nc3 g6 6. Be3 Bg7 7. f3 O-O 8. Qd2
Nc6 9. Bc4 Bd7 10. O-O-O Rb8 11. Bb3 Na5 12. Bh6 1-0

[Event "AUTO-MASTER-3255"]
[Site "http://www.queenalice.com/game.php?id=1852957"]
[Date "2025.2.26"]
[Round "1"]
[White "beteljeuxe"]
[Black "maurice916"]
[Result "1-0"]
[WhiteElo "2345"]
[BlackElo "1931"]

1. e4 c6 2. d4 d5 3. e5 Bf5 4. Nf3 e6 5. Be2 h6 6. O-O Nd7 7. Nbd2 Bb4 8. Re1
Be4 9. Nxe4 Bxe1 10. Nd6+ Ke7 11. Nxe1 f6 12. Bh5 g5 13. Nf7 1-0

[Event "AUTO-MASTER-3255"]
[Site "http://www.queenalice.com/game.php?id=1852958"]
[Date "2025.2.26"]
[Round "1"]
[White "maurice916"]
[Black "beteljeuxe"]
[Result "0-1"]
[WhiteElo "1940"]
[BlackElo "2404"]

1. Nf3 d5 2. e3 Nf6 3. b3 Bf5 4. Bb2 e6 5. c4 c6 6. Be2 h6 7. O-O Nbd7 8. d4 Bd6
9. Nbd2 Qb8 10. h3 O-O 11. c5 Be7 12. b4 b6 13. Rc1 bxc5 14. dxc5 Qxb4 15. Bd4
Rfc8 16. Nb3 a5 17. Bc3 Qa3 18. Nbd4 Bg6 19. Bd3 Bxd3 20. Qxd3 Qxa2 21. Ra1 Nxc5
22. Rxa2 Nxd3 23. Rxa5 Rxa5 24. Bxa5 c5 25. Ne2 Ra8 26. Bc7 Ne4 27. Bg3 c4 28.
Rb1 Ra2 29. Kf1 Bc5 30. Nfd4 Nd2+ 0-1

[Event "AUTO-OPEN-4579"]
[Site "http://www.queenalice.com/game.php?id=1853196"]
[Date "2025.3.3"]
[Round "1"]
[White "fbenevides2019"]
[Black "beteljeuxe"]
[Result "0-1"]
[WhiteElo "1785"]
[BlackElo "2376"]

1. e4 e5 2. Nf3 Nc6 3. a3 Nf6 4. Bd3 Nxe4 5. Bxe4 d5 6. Bxd5 Qxd5 7. O-O Bg4 8.
h3 Bxf3 9. Qxf3 Qxf3 10. gxf3 Nd4 11. c3 Nb3 12. Ra2 O-O-O 13. Rd1 Rd3 14. Kg2
Bc5 15. a4 Rhd8 16. a5 R8d6 17. Re1 Rf6 18. Rxe5 Rdxf3 19. d4 Rxf2+ 20. Kg3 Nxc1
21. Ra1 Bd6 22. Na3 Ne2+ 23. Kh4 R6f4+ 24. Kh5 Ng3+ 0-1

[Event "AUTO-OPEN-4579"]
[Site "http://www.queenalice.com/game.php?id=1853197"]
[Date "2025.3.3"]
[Round "1"]
[White "beteljeuxe"]
[Black "fbenevides2019"]
[Result "1-0"]
[WhiteElo "2370"]
[BlackElo "1789"]

1. e4 e5 2. Nf3 d6 3. d4 exd4 4. Nxd4 Qe7 5. Nc3 Nf6 6. Be2 Nxe4 7. Nd5 Qd8 8.
Bb5+ c6 9. Qe2 cxb5 10. Qxe4+ Be7 11. O-O a6 12. Bg5 f6 13. Rfe1 fxg5 14. Nxe7
Kd7 15. Qf5+ Kc7 16. Nd5# 1-0

[Event "AUTO-OPEN-4579"]
[Site "http://www.queenalice.com/game.php?id=1853216"]
[Date "2025.3.3"]
[Round "1"]
[White "Rafale2000"]
[Black "beteljeuxe"]
[Result "0-1"]
[WhiteElo "2083"]
[BlackElo "2379"]

1. e4 e5 2. Nf3 Nc6 3. d4 exd4 4. Bc4 Nf6 5. O-O Nxe4 6. Nc3 dxc3 7. Bxf7+ Kxf7
8. Qd5+ Kf6 9. Qxe4 Be7 10. Bg5+ Kf7 11. Bxe7 Qxe7 12. Qd5+ Kf8 13. Rae1 Qf7 14.
Qc5+ d6 15. Qxc3 Qxa2 16. Qe3 Bd7 17. Ng5 Qd5 18. Qf4+ Qf5 19. Qd2 Kg8 20. Re4
h6 21. Rf4 Qxg5 22. Re1 Ne5 23. Qd5+ Kh7 24. Qe4+ Ng6 25. Rf7 Rae8 26. Qb4 Bh3
27. Rxg7+ Kxg7 28. Qc3+ Kh7 0-1

[Event "AUTO-OPEN-4579"]
[Site "http://www.queenalice.com/game.php?id=1853217"]
[Date "2025.3.3"]
[Round "1"]
[White "beteljeuxe"]
[Black "Rafale2000"]
[Result "1-0"]
[WhiteElo "2374"]
[BlackElo "2057"]

1. e4 Nf6 2. e5 Nd5 3. d4 d6 4. Nf3 Bg4 5. Be2 e6 6. O-O Nc6 7. c4 Nb6 8. exd6
Bxd6 9. c5 Bxf3 10. Bxf3 Bxh2+ 11. Kxh2 Qh4+ 12. Kg1 Nd5 13. Bxd5 exd5 14. Re1+
Kd7 15. Qf3 Rae8 16. Qxf7+ Re7 17. Qf5+ Kd8 18. Bg5 Qxd4 19. Nc3 g6 20. Qe6 1-0

[Event "AUTO-OPEN-4579"]
[Site "http://www.queenalice.com/game.php?id=1853228"]
[Date "2025.3.3"]
[Round "1"]
[White "beteljeuxe"]
[Black "josebaron"]
[Result "1-0"]
[WhiteElo "2400"]
[BlackElo "2196"]

1. e4 e5 2. Nf3 Nc6 3. Bc4 Bc5 4. c3 Nf6 5. d3 O-O 6. O-O d5 7. exd5 Nxd5 8. Re1
Bg4 9. Nbd2 Re8 10. Ne4 Be7 11. h3 Bh5 12. Ng3 Bg6 13. Nxe5 Nxe5 14. Rxe5 Nb6
15. Bf4 Nxc4 16. dxc4 Qxd1+ 17. Rxd1 f6 18. Red5 Bd8 19. b3 Bf7 20. R5d2 g5 21.
Be3 Bg6 22. f4 h5 23. Kf2 b6 24. f5 h4 25. fxg6 hxg3+ 26. Kf3 Kg7 27. Rd7+ Kxg6
28. c5 Rc8 29. c4 1-0

[Event "AUTO-OPEN-4579"]
[Site "http://www.queenalice.com/game.php?id=1853229"]
[Date "2025.3.3"]
[Round "1"]
[White "josebaron"]
[Black "beteljeuxe"]
[Result "0-1"]
[WhiteElo "2192"]
[BlackElo "2361"]

1. e4 e5 2. Nf3 Nc6 3. Bb5 a6 4. Bxc6 dxc6 5. d3 Bd6 6. O-O Ne7 7. h3 c5 8. c4
O-O 9. Nc3 Nc6 10. a4 Nd4 11. a5 c6 12. Bg5 Nxf3+ 0-1

[Event "AUTO-ELITE-2573"]
[Site "http://www.queenalice.com/game.php?id=1853326"]
[Date "2025.3.5"]
[Round "1"]
[White "beteljeuxe"]
[Black "Sexxy_Bunny"]
[Result "0-1"]
[WhiteElo "2466"]
[BlackElo "2632"]

1. e4 c5 2. Nf3 d6 3. d4 cxd4 4. Nxd4 Nf6 5. Nc3 a6 6. Be3 e5 7. Nb3 Be6 8. f3
h5 9. Be2 Nbd7 10. Nd5 Bxd5 11. exd5 g6 12. Qd2 Bg7 13. O-O b6 14. c4 O-O 15.
Rae1 Re8 16. Kh1 Rc8 17. Qd1 a5 18. Nd2 Nc5 19. Bg5 Qd7 20. Qb1 e4 21. Bxf6 Bxf6
22. Nxe4 Nxe4 23. fxe4 Be5 24. Rf3 a4 25. Bd3 Rc7 26. Rc1 Kg7 27. Rcf1 Qe7 28.
R1f2 Rec8 29. Rf1 Ra8 30. R1f2 Rac8 31. Rf1 Ra7 32. h3 Rcc7 33. R1f2 Qg5 34. Rc2
Ra5 35. Qe1 Rac5 36. Qd2 Qh4 37. Qf2 Qg5 38. Qd2 Qd8 39. Rf1 Qh4 40. Qf2 Qg5 41.
Kg1 Rb7 42. Re2 h4 43. Kh1 Qg3 44. Qxg3 hxg3 45. Re3 Rc8 46. Ref3 Rbc7 47. Rb1
g5 48. Rd1 g4 49. hxg4 b5 50. b3 axb3 51. axb3 Ra7 52. Rf5 Rh8+ 53. Rh5 bxc4 54.
Bxc4 Bd4 55. Rh3 Bf2 56. Rf1 Ra2 0-1

[Event "AUTO-ELITE-2574"]
[Site "http://www.queenalice.com/game.php?id=1853590"]
[Date "2025.3.9"]
[Round "1"]
[White "raulzampronha"]
[Black "beteljeuxe"]
[Result "0-1"]
[WhiteElo "2231"]
[BlackElo "2461"]

1. d4 Nf6 2. c4 e6 3. Nc3 Bb4 4. Qc2 O-O 5. a3 Bxc3+ 6. Qxc3 b6 7. Bg5 Bb7 8. f3
h6 9. Bh4 d5 10. cxd5 exd5 11. e3 Re8 12. O-O-O Nbd7 13. Kb1 c5 14. Bb5 Re6 15.
e4 dxe4 16. dxc5 Qc7 17. Bg3 Qc8 18. cxb6 Qxc3 19. bxc3 Rxb6 20. a4 a6 21. Bc7
axb5 22. Bxb6 Nxb6 23. axb5 Nfd5 24. Kb2 Na4+ 0-1

[Event "AUTO-ELITE-2574"]
[Site "http://www.queenalice.com/game.php?id=1853591"]
[Date "2025.3.9"]
[Round "1"]
[White "beteljeuxe"]
[Black "raulzampronha"]
[Result "1-0"]
[WhiteElo "2415"]
[BlackElo "2248"]

1. e4 c5 2. Nf3 e6 3. d4 cxd4 4. Nxd4 Nf6 5. Nc3 d6 6. g4 h6 7. Rg1 Nc6 8. Be3
d5 9. exd5 exd5 10. Bb5 Bd7 11. Qd3 Bb4 12. O-O-O O-O 13. g5 hxg5 14. Bxg5 1-0

[Event "AUTO-ELITE-2574"]
[Site "http://www.queenalice.com/game.php?id=1853597"]
[Date "2025.3.9"]
[Round "1"]
[White "Donidon"]
[Black "beteljeuxe"]
[Result "0-1"]
[WhiteElo "2255"]
[BlackElo "2464"]

1. e4 e5 2. Nf3 Nc6 3. Bb5 a6 4. Bxc6 dxc6 5. d4 exd4 6. Nxd4 c5 7. Nf3 Qxd1+ 8.
Kxd1 Be6 9. Ke2 f5 10. Nc3 O-O-O 11. e5 Ne7 12. Bg5 h6 13. Rhd1 Bc4+ 14. Ke1
Rxd1+ 15. Rxd1 hxg5 16. h3 g4 17. Ng1 Ng6 18. hxg4 fxg4 19. Kd2 Be7 20. Re1 Bg5+
21. Re3 Rd8+ 22. Kc1 g3 0-1

[Event "AUTO-OPEN-4581"]
[Site "http://www.queenalice.com/game.php?id=1853736"]
[Date "2025.3.12"]
[Round "1"]
[White "beteljeuxe"]
[Black "game"]
[Result "1-0"]
[WhiteElo "2405"]
[BlackElo "1449"]

1. e4 Nc6 2. d4 Nf6 3. d5 Nb4 4. a3 Na6 5. e5 Ne4 6. Bxa6 bxa6 7. Qd4 f5 8. f3
Ng5 9. Bxg5 Bb7 10. Nc3 g6 11. e6 Rg8 12. Qb4 d6 13. Qa4+ c6 14. dxc6 Bxc6 15.
Qxc6+ 1-0

[Event "AUTO-OPEN-4581"]
[Site "http://www.queenalice.com/game.php?id=1853737"]
[Date "2025.3.12"]
[Round "1"]
[White "game"]
[Black "beteljeuxe"]
[Result "0-1"]
[WhiteElo "1447"]
[BlackElo "2406"]

1. e3 e5 2. Nf3 e4 3. Nd4 d5 4. d3 Nf6 5. dxe4 dxe4 6. Bc4 a6 7. O-O Bd6 8. Nf5
Bxf5 9. Nc3 Nc6 10. Nd5 Bxh2+ 11. Kxh2 Ng4+ 12. Kg1 Qh4 13. Nxc7+ Ke7 14. Re1
Qxf2+ 15. Kh1 Qh4+ 16. Kg1 Qh2+ 17. Kf1 Qh1+ 18. Ke2 Qxg2# 0-1

[Event "AUTO-OPEN-4581"]
[Site "http://www.queenalice.com/game.php?id=1853738"]
[Date "2025.3.12"]
[Round "1"]
[White "beteljeuxe"]
[Black "Givanildo"]
[Result "1-0"]
[WhiteElo "2457"]
[BlackElo "1663"]

1. e4 d5 2. exd5 Qxd5 3. Nc3 Qe5+ 4. Be2 Bg4 5. d4 Bxe2 6. Ngxe2 Qe6 7. Bf4 Nd7
8. Nb5 Rc8 9. Nxa7 Nb6 10. Nxc8 Qxc8 11. O-O Nd5 12. Be5 e6 13. c4 Nde7 14. d5
Ng6 15. Bc3 Bd6 16. Bxg7 N8e7 17. Qa4+ c6 18. Bxh8 Nxh8 19. dxe6 Qxe6 20. Rad1
Nhg6 21. Rfe1 Qe5 22. Ng3 Qg5 23. Qa8+ Kd7 24. Qxb7+ Ke8 25. Qc8# 1-0